01357nam a2200325Ia 4500001001200000003000800012006001900020007001500039008004100054010001700095020002800112020001800140040002100158035002100179050002500200082002000225100002600245245011500271260004800386300002500434504004100459533015200500600009300652600005700745650004000802655002900842710001700871856012600888999001701014ebr10269098CaPaEBRm u cr cn|||||||||000320s2000 nyua sb 000 0 eng d z 00036740  z0195124472 (alk. paper) z9780195124477 aCaPaEBRcCaPaEBR a(OCoLC)25259970614aML410.S4bF47 2000eb04a782.4/7/0922211 aFerris, David,d1960-10aSchumann's Eichendorff Liederkreis and the genre of the romantic cycleh[electronic resource] /cDavid Ferris. aNew York :bOxford University Press,c2000. aviii, 270 p. :bill. aIncludes bibliographical references. aElectronic reproduction.bPalo Alto, Calif. :cebrary,d2009.nAvailable via World Wide Web.nAccess may be limited to ebrary affiliated libraries.10aEichendorff, Joseph,cFreiherr von,d1788-1857xMusical settingsxHistory and criticism.10aSchumann, Robert,d1810-1856.tLiederkreis,nop. 39. 0aSong cyclesxHistory and criticism. 7aElectronic books.2local2 aebrary, Inc.40uhttp://site.ebrary.com/lib/rucke/Doc?id=10269098zAn electronic book accessible through the World Wide Web; click to view c23691d23691